Rarest Minecraft Blocks and Items - Statistics

General Stats
  • This quiz has been taken 45 times
    44 since last reset
  • The average score is 9 of 11
Answer Stats
Hint Answer % Correct
The head of the final boss Ender Dragon Head
90%
The ore that produces a gem you can use to trade with villagers Emerald Ore
88%
Something that, with enough materials, will grant you a buff and send a beam of light that can be seen from far away. Beacon
85%
The upgraded Golden Apple Enchanted Golden Apple
85%
The prize for defeating a smaller boss that the player can spawn Nether Star
85%
A item that, when held, prevents the player from dying Totem of Undying
83%
Netherite is the by-product of this block Ancient Debris
80%
The rarer version of the ore above Deepslate Emerald Ore
70%
The prize for defeating the final boss Ender Dragon Egg
68%
An item only found in buried treasure chests Heart of the Sea
65%
Something you can use to respawn in the Nether Respawn Anchor
65%
No matching quizzes found
Score Distribution
Percent of People with Each Score
Percentile by Number Answered
Your Score History
You have not taken this quiz since the last reset